Atlas de cirugia oral / (Registro nro. 7349)

Detalles MARC
000 -LEADER
fixed length control field 00816nam a2200229 4500
001 - CONTROL NUMBER
control field 0000019386
005 - DATE AND TIME OF LATEST TRANSACTION
control field 20250329172018.0
007 - PHYSICAL DESCRIPTION FIXED FIELD--GENERAL INFORMATION
fixed length control field ta
008 - FIXED-LENGTH DATA ELEMENTS--GENERAL INFORMATION
fixed length control field 160627s1999 000 0 eng d
020 ## - INTERNATIONAL STANDARD BOOK NUMBER
International Standard Book Number 8445804944
040 ## - CATALOGING SOURCE
Original cataloging agency CO-CtgCURN
Language of cataloging spa
Transcribing agency coctgcurn
082 0# - DEWEY DECIMAL CLASSIFICATION NUMBER
Classification number R617.522
Item number S14a
100 1# - MAIN ENTRY--PERSONAL NAME
Personal name Sailer, Hermann.
245 10 - TITLE STATEMENT
Title Atlas de cirugia oral /
Statement of responsibility, etc. Hermann Sailer.
260 #1 - PUBLICATION, DISTRIBUTION, ETC.
Place of publication, distribution, etc. Madrid : :
Name of publisher, distributor, etc. Masson,,
Date of publication, distribution, etc. 1999.
300 ## - PHYSICAL DESCRIPTION
Extent xii, 360 páginas.
505 8# - FORMATTED CONTENTS NOTE
Formatted contents note Exploracion del paciente.--Fundamento de medicina.--Extracción dentaria.--Dientes retenidos.--Apicectomia.--Enfermedades de las glandulas salivales.--Traumatologia
650 14 - SUBJECT ADDED ENTRY--TOPICAL TERM
Topical term or geographic name entry element Odontologia
Form subdivision Cirugia
General subdivision Atlas.
908 ## - PUT COMMAND PARAMETER (RLIN)
Put command parameter 160627
942 ## - ADDED ENTRY ELEMENTS (KOHA)
Koha item type Diccionarios
Classification part R617.522
Item part S14a
Existencias
Withdrawn status Lost status Source of classification or shelving scheme Damaged status Not for loan Collection Home library Current library Shelving location Date acquired Inventory number Total checkouts Full call number Barcode Date last seen Price effective from Koha item type Public note
    Dewey Decimal Classification     Referencia Miguel Henríquez Emiliani Miguel Henríquez Emiliani Referencia 06/22/2017 000817   R617.522 S14a 000817 03/29/2025 03/29/2025 Diccionarios 610-CIENME